Stata time-series reference manual : (Record no. 21535)
[ view plain ]
| 000 -LEADER | |
|---|---|
| fixed length control field | 00563cam a2200193 a 4500 |
| 020 ## - INTERNATIONAL STANDARD BOOK NUMBER | |
| ISBN | 9781597180948 |
| 020 ## - INTERNATIONAL STANDARD BOOK NUMBER | |
| ISBN | 1597180947 |
| 040 ## - CATALOGING SOURCE | |
| Transcribing agency | DLC |
| 082 ## - DEWEY DECIMAL CLASSIFICATION NUMBER | |
| Classification number | REL STA 2011 C112 Or. |
| 245 00 - TITLE STATEMENT | |
| Title | Stata time-series reference manual : |
| Remainder of title | release 12. |
| 246 14 - VARYING FORM OF TITLE | |
| Title proper/short title | Stata release 12 : time-series |
| 246 18 - VARYING FORM OF TITLE | |
| Title proper/short title | Stata 12 : time-series |
| 260 ## - PUBLICATION, DISTRIBUTION, ETC. (IMPRINT) | |
| Place of publication | College Station, Tex. : |
| Name of publisher | StataCorp LP, |
| Year of publication | c2011. |
| 300 ## - PHYSICAL DESCRIPTION | |
| Number of Pages | v, 717 p. : |
| Other physical details | ill. ; |
| Dimensions | 24 cm. |
| 500 ## - GENERAL NOTE | |
| General note | "A Stata Press publication." |
| 650 #0 - SUBJECT ADDED ENTRY--TOPICAL TERM | |
| Topical Term | Time-series analysis |
| 710 2# - ADDED ENTRY--CORPORATE NAME | |
| Corporate name or jurisdiction name as entry element | StataCorp LP. |
| 942 ## - ADDED ENTRY ELEMENTS (KOHA) | |
| Koha item type | ADB |
No items available.